000 00797nab a2200241 u 4500
001 17933
003 HDC
007 cr bn ---aaaaa
008 210225b2011mmddmy d||no |||| 00| 0 may d
040 _aHDC
245 0 _aSenarai Segera Ubat-Ubat Tanpa Sijil Halal-Fomca
_c/ Bernama
260 _aMalaysia:
_bBERNAMA,
_c2011
300 _a1 online resource
336 _atext
_2rdacontent
337 _acomputer
_2rdamedia
338 _aonline resource
_2rdacarrier
650 _aPharmaceutical industry
_xReligious aspects
_xIslam
_9800
710 _aBernama
856 _zRequest full-text at [email protected]
942 _2lcc
942 _cNEWS
942 _kNWSO 003980
999 _c15249
_d15249